| 000 | 00975nam a22002897a 4500 | ||
|---|---|---|---|
| 001 | 4554 | ||
| 003 | FISKH | ||
| 005 | 20240916143544.0 | ||
| 008 | 240916b cb ||||| |||| 00| 0 eng d | ||
| 020 | _a0553153277 | ||
| 040 |
_aFISKH _beng _cFISKH _dFISKH |
||
| 050 | _aPZ7.M768 | ||
| 082 | _2812.54 | ||
| 100 |
_aMontgomery, L.M. _d(1874–1942) |
||
| 245 |
_aAnne of green gables / _cL.M. Montgomery |
||
| 250 | _aBantam Skylar eidition in 1981 | ||
| 260 |
_aNew York : _bBantam Skylar, _c1908. |
||
| 300 |
_a309 pages : _c20cm |
||
| 505 | _aN | ||
| 520 | _aAnne, an eleven-year-old orphan, is sent by mistake to live with a lonely, middle-aged brother and sister on a Prince Edward Island farm and proceeds to make an indelible impression on everyone around her. | ||
| 521 | 8 |
_a590L
_bLexile |
|
| 521 | 8 |
_aN
_bRaz-Plus |
|
| 650 |
_2Prince Edward Island _aYoung adult _vOrphans |
||
| 650 | _2Children's literature | ||
| 942 |
_2ddc _cBK _n0 |
||
| 999 |
_c4554 _d4554 |
||